[Event "Recklinghausen op"]
[Site "Recklinghausen"]
[Date "1999.??.??"]
[Round "8"]
[White "Lerner, Konstantin Z"]
[Black "Glek, Igor Vladimirovich"]
[Result "1-0"]
[WhiteElo "2585"]
[BlackElo "2535"]
[PlyCount "79"]
[EventDate "1999.??.??"]
[EventType "swiss"]
[EventRounds "9"]
[EventCountry "GER"]
[SourceTitle "EXT 2000"]
[Source "ChessBase"]
[SourceDate "1999.11.16"]
[SourceVersion "1"]
[SourceVersionDate "1999.11.16"]
[SourceQuality "1"]

1. d4 Nf6 2. Bg5 e6 3. e3 h6 4. Bh4 d6 5. Nd2 Nc6 6. c3 Be7 7. Ngf3 Nh5 8. Bg3
O-O 9. a4 a6 10. Ne4 f5 11. Be2 Nf6 12. Ned2 d5 13. Ne5 Nxe5 14. Bxe5 c5 15.
O-O b6 16. a5 b5 17. dxc5 Bxc5 18. Nb3 Ba7 19. Nd4 Bd7 20. h3 Rc8 21. Bd3 Bb8
22. Nf3 Be8 23. Bxb8 Rxb8 24. Nd4 Qd6 25. f4 Bh5 26. Qb3 Rbc8 27. Qb4 Qd7 28.
Nc2 Rc7 29. Qd4 Qd6 30. Nb4 Nd7 31. Rf2 Nc5 32. Bc2 Rd8 33. Kh1 Kh8 34. Rg1 Ne4
35. Bxe4 fxe4 36. g4 Be8 37. g5 h5 38. g6 Rc4 39. Qd1 Kg8 40. Qxh5 1-0

[Event "Groningen PCA"]
[Site "Groningen"]
[Date "1993.??.??"]
[Round "6"]
[White "Lobron, Eric"]
[Black "Polgar, Judit"]
[Result "1-0"]
[WhiteElo "2575"]
[BlackElo "2630"]
[PlyCount "91"]
[EventDate "1993.12.??"]
[EventType "swiss"]
[EventRounds "11"]
[EventCountry "NED"]
[SourceTitle "CBM 039"]
[Source "ChessBase"]
[SourceDate "1994.04.01"]
[SourceVersion "1"]
[SourceVersionDate "1994.04.01"]
[SourceQuality "1"]

1. d4 Nf6 2. Bg5 c5 3. Bxf6 gxf6 4. d5 Qb6 5. Qc1 f5 6. g3 c4 7. Bg2 Na6 8. c3
h5 9. Nf3 Nc7 10. Na3 Nxd5 11. Nxc4 Qc5 12. Nce5 Nf6 13. O-O e6 14. c4 d6 15.
Nd3 Qc7 16. Rd1 Bd7 17. Qc3 Rh6 18. Rac1 Ne4 19. Qc2 Rc8 20. Nd2 Bc6 21. Nf4 h4
22. Nxe4 fxe4 23. Bxe4 hxg3 24. hxg3 f5 25. Bxc6+ Qxc6 26. f3 b5 27. b3 d5 28.
Kg2 bxc4 29. bxc4 dxc4 30. Qd2 Rh7 31. Qe3 Kf7 32. Rd4 Bc5 33. Rdxc4 Bxe3 34.
Rxc6 Rd8 35. Rc7+ Kg8 36. Rc8 Rhd7 37. Nxe6 Rxc8 38. Rxc8+ Kf7 39. Nd8+ Kg6 40.
Rc6+ Kh7 41. Re6 f4 42. gxf4 Rg7+ 43. Kh3 Bxf4 44. Re4 Rg3+ 45. Kh4 Bd6 46. Nf7
1-0

[Event "New York op"]
[Site "New York"]
[Date "1998.03.22"]
[Round "9"]
[White "Lputian, Smbat G"]
[Black "Milov, Vadim"]
[Result "1-0"]
[WhiteElo "2610"]
[BlackElo "2635"]
[Annotator "ChessBase"]
[PlyCount "57"]
[EventDate "1998.03.16"]
[EventType "swiss"]
[EventRounds "9"]
[EventCountry "USA"]
[SourceTitle "CBM 064"]
[Source "ChessBase"]
[SourceDate "1998.06.02"]
[SourceVersion "1"]
[SourceVersionDate "1998.06.02"]
[SourceQuality "1"]

1. d4 Nf6 2. Bg5 Ne4 3. Bf4 c5 4. f3 Nf6 (4... Qa5+ 5. c3 {[%cal Yb1c3]}) 5. d5
d6 6. e4 e6 $6 7. dxe6 fxe6 8. Nc3 Nc6 9. Qd2 Be7 10. O-O-O e5 (10... Nd4 11.
Nge2 O-O 12. Nxd4 cxd4 13. Qxd4 Nxe4 $1 (13... e5 14. Qc4+) 14. Qxe4 Rxf4 $1
15. Qxf4 $4 Bg5 $19) 11. Bg5 Be6 12. Bxf6 $1 gxf6 13. Nd5 Qd7 14. Nxe7 Kxe7 15.
Ne2 Nd4 16. Nc3 b5 17. Nd5+ Bxd5 18. exd5 b4 19. f4 $1 a5 $2 (19... Rag8 20.
fxe5 fxe5 $1) 20. fxe5 dxe5 (20... fxe5 21. Qg5+) 21. Bc4 h5 {[%csl Yh6]} 22.
Rhf1 Raf8 23. Qd3 $1 $18 {[%cal Yc2c3]} Qg4 24. c3 bxc3 25. bxc3 e4 26. Rfe1
Qg5+ 27. Rd2 Nf5 28. d6+ Kd8 29. Qxe4 1-0

[Event "EU-Cup 14th"]
[Site "Belgrade"]
[Date "1999.01.11"]
[Round "1"]
[White "Lputian, Smbat G"]
[Black "Shipov, Sergei"]
[Result "1-0"]
[WhiteElo "2614"]
[BlackElo "2662"]
[Annotator "Hertneck,G"]
[PlyCount "85"]
[EventDate "1999.01.11"]
[EventType "team"]
[EventRounds "3"]
[EventCountry "YUG"]
[SourceTitle "CBM 069"]
[Source "ChessBase"]
[SourceDate "1999.04.01"]
[SourceVersion "1"]
[SourceVersionDate "1999.04.01"]
[SourceQuality "1"]

1. d4 Nf6 2. Bg5 Ne4 3. Bf4 c5 4. f3 Qa5+ 5. c3 Nf6 6. Nd2 cxd4 7. Nb3 Qb6 8.
Qxd4 Qxd4 9. cxd4 e6 10. Rc1 Nc6 11. e4 d5 $6 {Der Übergang in eine
französische Struktur ist hier weniger angeraten, da Weiß auf der c-Linie
Druck macht} (11... Be7) (11... Bb4+) 12. e5 Nd7 13. Bb5 a5 $5 (13... Bb4+ 14.
Bd2 Bxd2+ 15. Kxd2 Ne7 $14) 14. a4 $1 {Ein feiner Zug, der sich gegen die
schwarze Expansion am Damenflügel richtet} (14. Bxc6 bxc6 15. Rxc6 a4 16. Nd2
Ba6 $132) 14... Na7 (14... Bb4+ 15. Bd2 O-O $1 {kam in Betracht}) 15. Nxa5 $1
Nxb5 16. axb5 Nb6 $2 (16... Nc5 $3 {Fritz} 17. dxc5 Rxa5 18. b4 Rxb5 19. Bd2 b6
20. cxb6 Ba6 $13) 17. Bd2 Be7 18. Ne2 O-O 19. Kf2 Bd7 20. Nxb7 Nc4 21. Bc3 Rfb8
22. Ra1 $1 $16 {Nutzt jede Gelegenheit aus, sein Figuren zu aktivieren} Bxb5
23. Rxa8 Rxa8 24. b3 Na3 25. Ra1 Bc6 26. Nd6 Kf8 27. Bb4 Nb5 28. Rxa8+ Bxa8 29.
Ke3 Bc6 30. Nf4 Kg8 31. Nd3 Bd8 32. f4 h5 33. g3 g6 34. Nc1 Bb6 35. Ne2 Kg7 36.
Bc5 Bc7 37. Nxb5 Bxb5 38. Nc3 Bd7 39. b4 f6 40. b5 Ba5 41. b6 Bc6 42. Ne2 Kf7
43. Nc1 1-0

[Event "Istanbul ol (Men) 34th"]
[Site "Istanbul"]
[Date "2000.10.31"]
[Round "4.2"]
[White "Lputian, Smbat G"]
[Black "Rytshagov, Mikhail"]
[Result "1-0"]
[WhiteElo "2598"]
[BlackElo "2529"]
[Annotator "Tsesarsky,I"]
[PlyCount "109"]
[EventDate "2000.10.28"]
[EventType "team-swiss"]
[EventRounds "14"]
[EventCountry "TUR"]
[SourceTitle "EXT 2001"]
[Source "ChessBase"]
[SourceDate "2000.11.22"]
[SourceVersion "1"]
[SourceVersionDate "2000.11.22"]
[SourceQuality "1"]
[WhiteTeam "Armenia"]
[BlackTeam "Estonia"]
[WhiteTeamCountry "ARM"]
[BlackTeamCountry "EST"]

1. d4 Nf6 2. Bg5 Ne4 3. Bf4 d5 4. e3 c5 5. Bd3 cxd4 (5... Nf6 {see comments to
the game 0-1 Wells,P-Sutovskij,E/Oxford 1998/CBM 69_07 (39) [Wells,P]}) (5...
Nc6 {-see comments to the game 1/2-1/2 Liang Chong-Dizdar,G/Las Vegas 1999/CBM
72 (43) [Alterman,B]}) ({Can be recommended} 5... Qb6 $5 6. Bxe4 dxe4 7. Nc3
cxd4 (7... Qxb2 $5 8. Nge2 cxd4 (8... Bg4 9. Rb1 Qxc3+ 10. Nxc3 Bxd1 11. Kxd1
cxd4 12. exd4 Nc6 13. d5 O-O-O 14. Ke2 Nd4+ 15. Ke3 $14 {1/2-1/2 Tu Hoang
Thong-West,G/Elista RUS 1998/ (46)}) 9. Rb1 Qa3 10. Qxd4 Nc6 11. Qxe4 f5 12.
Qd5 e6 13. Qd2 e5 14. Nb5 Qe7 15. Bg5 Qf7 $11 {1-0 Turzo,A-Hatanbaatar,B/FSGM
June, Budapest HUN 1998/ (60)}) 8. Qxd4 $1 (8. exd4 {-see comments to the game
0-1 Laurie,D-Tsesarsky,I/Tel Aviv 1997/CBM 58 (71) [Tsesarsky,I]}) 8... Qxd4 9.
exd4 f5 $1 (9... Bf5 10. Nge2 e6 11. O-O-O Nc6 12. d5 exd5 13. Nxd5 O-O-O 14.
Nec3 Bc5 15. Be3 $14 {1-0 Tu Hoang Thai-Esplana,C/Elista RUS 1998/ (53)}) 10.
Nge2 e6 11. Nb5 Na6 $11 {[%cal Gc8d7]}) 6. Bxe4 (6. exd4 Nc6 {see comments to
the game 1-0 Timman,J-Van Wely,L/Breda 1998/CBM 65 (63) [Stohl,I]}) 6... dxe4
7. Qxd4 (7. exd4 Nc6 {-see comments to the game 1-0 Hodgson,J-Wells,P/Oxford
1998/CBM 69_07 (30) [Wells,P]} (7... Bf5 8. c3 Qb6 9. Nd2 (9. Qb3) 9... g5 (
9... Qxb2 $5 $44) 10. Be5 f6 11. Bxb8 Rxb8 12. Qa4+ Bd7 13. Qc2 f5 $132 {
1-0 Roland,M-Coelho,L/Brasilia BRA 1999/ (50)})) 7... Qxd4 8. exd4 Nc6 9. c3
$132 {This endgame can be evaluated as equal. Weak e4 P is compensed by pair
of BB.} (9. Ne2 Bg4 10. Nbc3 e6 11. O-O-O Nb4 12. Rde1 Bf5 13. Ng3 Bg6 14. a3
Nc6 15. Rd1 O-O-O 16. Be3 f5 17. f3 exf3 18. gxf3 f4 19. Bxf4 Nxd4 $132 {
0-1 Romero Holmes,A-Visser,Y/Wijk aan Zee NED 2000/The Week in Chess 272/(54)})
9... b6 ({Quite sure is} 9... f5 $1 {[%csl Ge4]} 10. Na3 Be6 (10... e6 11. Nb5
$14) 11. Nb5 (11. Nh3 h6 12. Be5 Rg8 $1 (12... O-O-O 13. Nf4 Bf7 14. h4 Rg8 15.
h5 $14) 13. Nb5 O-O-O 14. Nf4 Bf7 15. h4 g5 $132) 11... O-O-O $11) 10. Nd2 Bb7
11. Ne2 {[%csl Re4][%cal Ge2g3]} O-O-O $2 $14 {[%csl Re4] Wrong idea based on
blunder.} ({Why not} 11... e6 12. Ng3 f5 $140 $132 {[%csl Ge4]}) 12. Ng3 h6 $5
{This is an answer for previous question! Black defends e4 P, but...} 13. h4 $1
{[%csl Re4] and now f7-f5 is impossible!} ({White can't play here} 13. Ngxe4 $2
{but White can delay this move...} g5 $1 14. Be3 f5 $1 $17 {[%csl Re4]}) 13...
g6 14. Ndxe4 Bg7 15. O-O-O {White won a P, but Black has certain compensation.}
f5 16. Nd2 e5 17. dxe5 Nxe5 18. Bxe5 $1 Bxe5 19. Nf3 Bf6 (19... Bf4+ 20. Kc2
Bxf3 21. gxf3 Rxd1 22. Rxd1 Re8 23. h5 Bxg3 (23... gxh5 24. Rh1 Bxg3 25. fxg3
Re3 26. f4 Rxg3 27. Rxh5 Rf3 28. Rxf5 h5 29. Rxh5 Rxf4 30. Rh7 $14) 24. fxg3
gxh5 25. Rd5 Rg8 26. Rxf5 Rxg3 27. Rxh5 Rxf3 28. Rxh6 $14 {This position is,
of course theoretical draw, but White has some practical chances...}) 20. Rxd8+
Rxd8 21. Ne2 (21. h5 f4 22. Ne2 g5 23. Rd1 Re8 $44) 21... Re8 22. Kd2 Rd8+ 23.
Kc1 Re8 24. Ned4 f4 25. h5 Rg8 $1 (25... g5 $2 26. Nf5 Re2 27. Nd6+ Kc7 28.
Nxb7 Kxb7 29. Nh2 $1 $16 {[%cal Gh2g4]}) 26. Rh2 (26. hxg6 Rxg6 27. Rh2 Kd7 $14
) 26... g5 27. g4 $1 {Good decision.} (27. Nf5 $6 g4 $1 28. N3d4 (28. Nxh6 Rg7
(28... gxf3 29. Nxg8 fxg2 30. Rxg2 Bxg2 31. Nxf6 $18) 29. Nxg4 (29. Nd2 g3 30.
fxg3 fxg3 31. Rh1 Bxg2 32. Rg1 Bh3 $15) 29... Rxg4 30. h6 Bxf3 31. gxf3 Rh4 32.
Rxh4 Bxh4 33. h7 Bf6 34. Kc2 Kd7 35. Kd3 Ke6 36. Ke4 Kf7 37. Kxf4 Kg6 $11)
28... g3 29. fxg3 fxg3 30. Rh3 Bxg2 31. Rxg3 Rxg3 32. Nxg3 Kd7 $44 {You can
compare this position with position after 33 move: There is pair of PP less on
the board.}) 27... fxg3 28. fxg3 g4 29. Nh4 Bg5+ 30. Kd1 Re8 31. Nhf5 Kc7 (
31... Kd7 32. Re2 Rxe2 33. Kxe2 Bd5 {-like in this game.}) 32. Re2 Rxe2 33.
Kxe2 Bd5 34. Ne3 Bf7 35. Nxg4 Bxh5 36. Kf3 a6 (36... Kd6 37. a4 (37. Nb5+ Ke6 {
[%cal Ge6f5]} 38. Nd4+) 37... a6 38. b3 Kd5 39. Ne2 {[%cal Ge2f4]} Kd6 40. Nf4
Bf7 41. c4 b5 $1 $44) 37. Ne2 Kd6 38. Nf4 Bf7 39. b3 h5 40. Nf2 Ke5 41. N2d3+
Kf5 (41... Kd6 42. Ke4 Bf6 (42... b5 43. Ne5 Be8 44. Kf5 $16) 43. c4 $14) 42.
c4 Be8 43. Nb4 a5 44. Nbd5 Bc6 $2 $18 {[%csl Rh5] Blunder} ({After} 44... Bd8
45. a3 Bf7 $1 {Seems Black has sufficient compensation, for example:} (45... a4
46. b4 Ke5 47. Ke3 $14) 46. Ne3+ Ke5 47. a4 Kd4 48. Ned5 Bxd5+ 49. Nxd5 (49.
cxd5 $2 Kc3 50. Nxh5 Kxb3 51. d6 Kxa4 52. Nf4 Kb5 53. Ne6 Bf6 54. d7 a4 55. Kf4
(55. d8=Q Bxd8 56. Nxd8 a3 $19) 55... a3 56. Kf5 Be7 57. Kg6 Kc6 $19) 49... Kd3
50. Kf4 Kc2 51. b4 axb4 52. Nxb4+ Kb3 53. Nd5 Kxc4 54. Nxb6+ $11) 45. Nxh5 b5
46. Nhf4 a4 (46... bxc4 47. bxc4 Ke5 48. Ke3 a4 49. Nb4 $18) 47. cxb5 Bxb5 48.
Ne3+ Ke5 49. Nc4+ Kf6 50. Nd5+ Kg6 51. Ke4 axb3 52. axb3 Be8 53. Nf4+ Kh6 54.
Kd5 Bf7+ 55. Kc6 (55. Kc6 Kg7 56. Nd5 {[%cal Gb3b4] Black can try to change
pair of BB for pair of PP - then NN is useless,l- but it is possible to
implement only half of this plan...}) 1-0

[Event "Hoogovens-B"]
[Site "Wijk aan Zee"]
[Date "1999.01.28"]
[Round "8"]
[White "Lputian, Smbat G"]
[Black "Nijboer, Friso"]
[Result "1-0"]
[WhiteElo "2614"]
[BlackElo "2534"]
[PlyCount "81"]
[EventDate "1999.01.19"]
[EventType "tourn"]
[EventRounds "11"]
[EventCountry "NED"]
[EventCategory "11"]
[SourceTitle "CBM 069"]
[Source "ChessBase"]
[SourceDate "1999.04.01"]
[SourceVersion "1"]
[SourceVersionDate "1999.04.01"]
[SourceQuality "1"]

1. d4 Nf6 2. Bg5 e6 3. e3 h6 4. Bh4 d6 5. c4 g5 6. Bg3 Ne4 7. Ne2 h5 8. h4 Nxg3
9. Nxg3 g4 10. Nc3 Be7 11. Bd3 Nc6 12. Kd2 Bd7 13. Rh2 a6 14. a3 Na7 15. d5 b5
16. dxe6 Bxe6 17. cxb5 Nxb5 18. Qa4 Kf8 19. Rb1 Nxc3 20. bxc3 Rb8 21. Rxb8 Qxb8
22. Rh1 Qd8 23. Qxa6 Bxh4 24. Qa7 Kg7 25. a4 Bxg3 26. fxg3 c5 27. a5 Qg5 28.
Qb6 Qe5 29. c4 d5 30. Qxc5 Rd8 31. Qd4 f6 32. Qxe5 fxe5 33. c5 e4 34. Be2 d4
35. exd4 Rxd4+ 36. Ke3 Ra4 37. a6 Kf6 38. Rxh5 Bf5 39. Kf4 e3+ 40. Kxe3 Ke5 41.
Bd3 1-0

[Event "USA-op"]
[Site "Chicago"]
[Date "1994.??.??"]
[Round "?"]
[White "Lputian, Smbat G"]
[Black "Fedorowicz, John P"]
[Result "1-0"]
[WhiteElo "2590"]
[BlackElo "2525"]
[PlyCount "90"]
[EventDate "1994.08.??"]
[EventType "swiss"]
[EventRounds "12"]
[EventCountry "USA"]
[SourceTitle "EXT 1998"]
[Source "ChessBase"]
[SourceDate "1997.11.17"]
[SourceVersion "1"]
[SourceVersionDate "1997.11.17"]
[SourceQuality "1"]

1. d4 Nf6 2. Bg5 d6 3. Bxf6 exf6 4. c4 g6 5. Nc3 f5 6. e3 Bg7 7. Nge2 O-O 8. g3
Nd7 9. Bg2 Nf6 10. b4 Re8 11. Qd3 c6 12. b5 Bd7 13. O-O a6 14. bxc6 bxc6 15.
Rfb1 Rb8 16. Rxb8 Qxb8 17. Rb1 Qa7 18. Na4 f4 19. gxf4 Bf5 20. Qb3 Bxb1 21.
Qxb1 c5 22. Qb7 Re7 23. Qc8+ Re8 24. Qc6 Qb8 25. Nb6 Rd8 26. a4 a5 27. Bf3 h6
28. dxc5 dxc5 29. Qxc5 Qd6 30. Qxa5 Qd1+ 31. Kg2 Rd2 32. Nd5 Nxd5 33. cxd5 Bf8
34. Qb5 Qa1 35. a5 Rd1 36. a6 Rf1 37. Qc6 Rd1 38. Qb7 Rb1 39. Qc8 Rd1 40. Ng3
Rg1+ 41. Kh3 Rc1 42. Qa8 Qa4 43. Ne4 Ra1 44. d6 Qxa6 45. Qe8 Qf1+ 1-0

[Event "6th Norway Blitz 2018"]
[Site "Stavanger NOR"]
[Date "2018.05.27"]
[Round "9.3"]
[White "Mamedyarov, S."]
[Black "Ding Liren"]
[Result "1-0"]
[WhiteElo "2808"]
[BlackElo "2791"]
[PlyCount "49"]
[EventDate "2018.05.27"]
[EventType "tourn (blitz)"]
[EventRounds "9"]
[EventCountry "NOR"]
[EventCategory "22"]
[SourceTitle "The Week in Chess 1230"]
[Source "Mark Crowther"]
[SourceDate "2018.06.04"]
[SourceVersion "1"]
[SourceVersionDate "2018.06.04"]
[SourceQuality "2"]

1. d4 Nf6 2. Bg5 d5 3. Bxf6 exf6 4. e3 Bd6 5. Bd3 O-O 6. Qf3 c5 7. dxc5 Bxc5 8.
Nc3 Be6 9. O-O-O Nc6 10. Nxd5 Ne5 11. Qe4 Nxd3+ 12. Qxd3 Qa5 13. Qc3 Qxa2 14.
Qxc5 Qa1+ 15. Kd2 Qxb2 16. Qb4 Qe5 17. Nf4 a5 18. Qa3 Rfd8+ 19. Kc1 Rxd1+ 20.
Kxd1 b5 21. Nf3 b4 22. Nxe5 bxa3 23. Nxe6 a2 24. Kd2 Rb8 25. Ra1 1-0

[Event "Internet Section 10B g/8'+2\""]
[Site "Dos Hermanas"]
[Date "2004.03.11"]
[Round "6"]
[White "Mamedyarov, Shakhriyar"]
[Black "Harikrishna, Pentala"]
[Result "1-0"]
[WhiteElo "2595"]
[BlackElo "2570"]
[PlyCount "80"]
[EventDate "2004.03.10"]
[EventType "swiss (blitz)"]
[EventRounds "9"]
[EventCountry "ESP"]
[SourceTitle "EXT 2005"]
[Source "ChessBase"]
[SourceDate "2004.11.15"]
[SourceVersion "1"]
[SourceVersionDate "2004.11.15"]
[SourceQuality "1"]

1. d4 Nf6 2. Bg5 Ne4 3. Bh4 c5 4. f3 Nf6 5. dxc5 Qa5+ 6. Nc3 Qxc5 7. e4 d6 8.
Bf2 Qa5 9. Qd2 g6 10. Bd4 Nc6 11. Bxf6 exf6 12. O-O-O Be6 13. Kb1 Bg7 14. Nd5
Qxd2 15. Rxd2 Rc8 16. Ne2 f5 17. exf5 Bxf5 18. Ng3 Be6 19. Ne4 O-O 20. Bc4 Rfd8
21. Rhd1 Kf8 22. Ng5 Bh6 23. h4 Ne5 24. Bb3 Kg7 25. Nc3 Nc4 26. Bxc4 Bxc4 27.
Rxd6 Rxd6 28. Rxd6 b5 29. Rd7 a5 30. Nce4 Bxg5 31. hxg5 Be6 32. Ra7 a4 33. b3
axb3 34. axb3 Rc6 35. Kb2 Bf5 36. Re7 h6 37. gxh6+ Kxh6 38. Rxf7 Be6 39. Rb7
Kh5 40. Rxb5+ Kh4 1-0

[Event "Wch Rapid"]
[Site "Dubai"]
[Date "2014.06.16"]
[Round "2"]
[White "Mamedyarov, Shakhriyar"]
[Black "Sargissian, Gabriel"]
[Result "1-0"]
[WhiteElo "2743"]
[BlackElo "2686"]
[PlyCount "47"]
[EventDate "2014.06.16"]
[EventType "swiss (rapid)"]
[EventRounds "15"]
[EventCountry "UAE"]
[SourceTitle "CBM 160 Extra"]
[Source "ChessBase"]
[SourceDate "2014.07.01"]
[SourceVersion "1"]
[SourceVersionDate "2014.07.01"]
[SourceQuality "1"]

1. d4 Nf6 2. Bg5 e6 3. e4 h6 4. Bxf6 Qxf6 5. Nc3 Bb4 6. Qd2 d6 7. a3 Bxc3 8.
Qxc3 Nc6 9. Nf3 O-O 10. e5 Qf4 11. Bd3 dxe5 12. dxe5 Bd7 13. g3 Qa4 14. O-O-O
Rfd8 15. Rhe1 Be8 16. Rd2 Ne7 17. Red1 Nd5 18. Qc5 b6 19. Qc4 Kf8 20. Qe4 Ne7
21. Qh7 Qg4 22. Nh4 Rxd3 23. Rxd3 Qe2 24. Rf3 1-0

[Event "Wch Rapid"]
[Site "Dubai"]
[Date "2014.06.17"]
[Round "9"]
[White "Mamedyarov, Shakhriyar"]
[Black "Georgiev, Kiril"]
[Result "1-0"]
[WhiteElo "2743"]
[BlackElo "2644"]
[PlyCount "109"]
[EventDate "2014.06.16"]
[EventType "swiss (rapid)"]
[EventRounds "15"]
[EventCountry "UAE"]
[SourceTitle "CBM 160 Extra"]
[Source "ChessBase"]
[SourceDate "2014.07.01"]
[SourceVersion "1"]
[SourceVersionDate "2014.07.01"]
[SourceQuality "1"]

1. d4 Nf6 2. Bg5 e6 3. e4 h6 4. Bxf6 Qxf6 5. Nc3 Bb4 6. Qd2 c5 7. e5 Qd8 8.
dxc5 Nc6 9. Nf3 Qa5 10. a3 b6 11. Bd3 Bxc3 12. Qxc3 Qxc3+ 13. bxc3 bxc5 14. Rb1
Ke7 15. Kd2 Rd8 16. Rb5 d6 17. exd6+ Kxd6 18. Ke3 Ba6 19. Rb2 Bxd3 20. cxd3
Rab8 21. Rhb1 Rxb2 22. Rxb2 Kc7 23. Rb5 Rd5 24. c4 Rf5 25. Rb2 Ne5 26. Nxe5
Rxe5+ 27. Kd2 g5 28. a4 g4 29. a5 Rh5 30. a6 Rxh2 31. Rb7+ Kc6 32. Rxa7 Rxg2
33. Rxf7 Rg1 34. a7 Ra1 35. Ke3 Ra2 36. Rh7 Kd6 37. Kf4 Rxf2+ 38. Kxg4 Ra2 39.
Kh5 Ke5 40. Kxh6 Kf6 41. Kh5 e5 42. Kg4 Ra3 43. Rc7 e4 44. dxe4 Ke5 45. Rxc5+
Kxe4 46. Rc7 Ke5 47. c5 Kd5 48. Kg5 Ke6 49. Kg6 Rg3+ 50. Kh7 Ra3 51. Kg7 Ra1
52. Kf8 Rf1+ 53. Ke8 Rh1 54. Re7+ Kf6 55. Rf7+ 1-0

[Event "Wch Blitz 8th"]
[Site "Dubai"]
[Date "2014.06.19"]
[Round "9"]
[White "Mamedyarov, Shakhriyar"]
[Black "Polgar, Judit"]
[Result "1-0"]
[WhiteElo "2743"]
[BlackElo "2685"]
[PlyCount "21"]
[EventDate "2014.06.19"]
[EventType "swiss (blitz)"]
[EventRounds "21"]
[EventCountry "UAE"]
[SourceTitle "CBM 160 Extra"]
[Source "ChessBase"]
[SourceDate "2014.07.01"]
[SourceVersion "1"]
[SourceVersionDate "2014.07.01"]
[SourceQuality "1"]

1. d4 Nf6 2. Bg5 Ne4 3. Bh4 d5 4. f3 Nd6 5. Nc3 c6 6. e4 Qb6 7. Qd2 e6 8. O-O-O
dxe4 9. fxe4 Qa5 10. Kb1 Nd7 11. Nd5 1-0

[Event "Wch Blitz 8th"]
[Site "Dubai"]
[Date "2014.06.19"]
[Round "3"]
[White "Mamedyarov, Shakhriyar"]
[Black "Zhigalko, Sergei"]
[Result "1-0"]
[WhiteElo "2743"]
[BlackElo "2678"]
[PlyCount "93"]
[EventDate "2014.06.19"]
[EventType "swiss (blitz)"]
[EventRounds "21"]
[EventCountry "UAE"]
[SourceTitle "CBM 160 Extra"]
[Source "ChessBase"]
[SourceDate "2014.07.01"]
[SourceVersion "1"]
[SourceVersionDate "2014.07.01"]
[SourceQuality "1"]

1. d4 Nf6 2. Bg5 e6 3. e4 h6 4. Bxf6 Qxf6 5. Nc3 Bb4 6. Qd2 O-O 7. a3 Bxc3 8.
Qxc3 d5 9. e5 Qe7 10. f4 b6 11. Nf3 c5 12. Qe3 Ba6 13. g4 cxd4 14. Nxd4 Qh4+
15. Qg3 Qxg3+ 16. hxg3 Bxf1 17. Kxf1 Rc8 18. c3 Nc6 19. Nb5 Na5 20. Rh2 a6 21.
Nd4 Nc6 22. Nf3 Kf8 23. g5 hxg5 24. Nxg5 Ke7 25. Kg2 b5 26. Rh7 Rg8 27. g4 a5
28. Rf1 b4 29. cxb4 axb4 30. Rc1 Rac8 31. axb4 Na7 32. Ra1 Rc7 33. f5 exf5 34.
gxf5 Nc6 35. Re1 Nxb4 36. Kf3 Nd3 37. Re3 Nc5 38. Rc3 d4 39. Rc4 d3 40. Ke3 Rd8
41. f6+ gxf6 42. Rxf7+ Ke8 43. Rxc7 d2 44. exf6 d1=Q 45. f7+ Kf8 46. Nh7+ Kg7
47. f8=Q+ 1-0

[Event "Wch Blitz 8th"]
[Site "Dubai"]
[Date "2014.06.20"]
[Round "19"]
[White "Mamedyarov, Shakhriyar"]
[Black "Cheparinov, Ivan"]
[Result "1-0"]
[WhiteElo "2743"]
[BlackElo "2682"]
[PlyCount "147"]
[EventDate "2014.06.19"]
[EventType "swiss (blitz)"]
[EventRounds "21"]
[EventCountry "UAE"]
[SourceTitle "CBM 160 Extra"]
[Source "ChessBase"]
[SourceDate "2014.07.01"]
[SourceVersion "1"]
[SourceVersionDate "2014.07.01"]
[SourceQuality "1"]

1. d4 Nf6 2. Bg5 d5 3. Bxf6 exf6 4. e3 c6 5. Nd2 Bd6 6. Bd3 f5 7. c4 dxc4 8.
Nxc4 Bb4+ 9. Nd2 Be6 10. Ne2 Bd6 11. O-O O-O 12. Qc2 g6 13. Bc4 Qe7 14. Qb3 Bc8
15. a4 Nd7 16. a5 Nf6 17. h3 Rb8 18. Rfc1 Bc7 19. Qa3 Bd6 20. Qa2 Rd8 21. Nc3
Bc7 22. Re1 Kg7 23. Rab1 Qd6 24. Nf3 Be6 25. Bxe6 Qxe6 26. Qxe6 fxe6 27. b4 h6
28. Rec1 a6 29. Na4 Nd5 30. Nc5 Kf6 31. g3 Bd6 32. Kg2 Bxc5 33. bxc5 Nc7 34.
Ne5 Nb5 35. f4 g5 36. Kf3 Ke7 37. Rh1 Rg8 38. g4 Rbf8 39. Kg3 gxf4+ 40. exf4
Rb8 41. Rhd1 Nc3 42. Kf3 Rgd8 43. Ke3 Nxd1+ 44. Rxd1 Rg8 45. Rg1 Rg7 46. Rb1
Rgg8 47. Rb2 h5 48. g5 h4 49. Kd3 Rgc8 50. Kc4 Rd8 51. Re2 Rg8 52. Nf3 Rh8 53.
Re5 Rbd8 54. Re2 Rc8 55. Rb2 Rc7 56. Ne5 Rg8 57. Kc3 Kd8 58. Re2 Ke7 59. Nc4
Rd7 60. Ne5 Rc7 61. Nf3 Rh8 62. Rb2 Kd8 63. Ne5 Rg8 64. Nc4 Ke7 65. Nd6 Rb8 66.
Re2 Rg8 67. Nxf5+ Kd7 68. Nh6 Rf8 69. Re4 Kd8 70. Kd3 Rd7 71. Ke3 Re7 72. Ng4
Kd7 73. Ne5+ Kc7 74. Ng6 1-0

[Event "EU-ch blitz"]
[Site "Tallinn"]
[Date "2016.12.18"]
[Round "22"]
[White "Martinovic, Sasa"]
[Black "Turov, Maxim"]
[Result "1-0"]
[WhiteElo "2550"]
[BlackElo "2594"]
[PlyCount "80"]
[EventDate "2016.12.17"]
[EventType "swiss (blitz)"]
[EventRounds "26"]
[EventCountry "EST"]
[SourceTitle "CBM 176 Extra"]
[Source "ChessBase"]
[SourceDate "2017.03.02"]
[SourceVersion "1"]
[SourceVersionDate "2017.03.02"]
[SourceQuality "1"]

1. d4 Nf6 2. Bg5 e6 3. e4 h6 4. Bxf6 Qxf6 5. Nf3 d6 6. Nc3 Nd7 7. Qd2 c6 8.
O-O-O e5 9. dxe5 dxe5 10. Nb5 Kd8 11. Qa5+ b6 12. Qc3 cxb5 13. Bxb5 a6 14. Bxd7
Bxd7 15. Nxe5 Ra7 16. Nc6+ Kc7 17. Ne5+ Kd8 18. Nxd7 Qxc3 19. Nxb6+ Ke8 20.
bxc3 Bc5 21. Nd5 Bxf2 22. Kd2 Bc5 23. Rb1 Kd7 24. Rhd1 Ke6 25. Kd3 Rc8 26. c4
Ke5 27. Rf1 g6 28. Rf6 Rd8 29. Rbf1 Rdd7 30. Rc6 Bf8 31. Ke3 a5 32. Nf4 Rd6 33.
Rc8 Bg7 34. c5 Rdd7 35. Nd5 Ra6 36. c6 Rxd5 37. exd5 Kxd5 38. Rxf7 Be5 39. c7
Re6 40. Rd8+ Bd6+ 1-0

[Event "Lindores Abbey Tal Mem"]
[Site "Riga LAT"]
[Date "2021.11.08"]
[Round "15.3"]
[White "Martirosyan, Haik M."]
[Black "Svidler, P."]
[Result "1-0"]
[WhiteElo "2624"]
[BlackElo "2694"]
[PlyCount "59"]
[EventDate "2021.11.08"]
[SourceVersionDate "2018.05.14"]

1. d4 Nf6 2. Bg5 d5 3. Bxf6 gxf6 4. e3 c5 5. c4 cxd4 6. exd4 Nc6 7. Nc3 dxc4 8.
d5 Ne5 9. Bxc4 Nxc4 10. Qa4+ Bd7 11. Qxc4 Rc8 12. Qd3 Rg8 13. g3 b5 14. a3 Qa5
15. Rd1 b4 16. axb4 Qxb4 17. Nge2 Qc4 18. Qe3 Rg5 19. Ne4 Re5 20. Rd4 Qa6 21.
f4 Bh6 22. Qf3 Qa5+ 23. b4 Qa1+ 24. Rd1 Qxd1+ 25. Kxd1 Rxd5+ 26. Ke1 Bc6 27.
Qe3 Kf8 28. Kf2 f5 29. Ng5 Bg7 30. Rc1 1-0